Statistiche per Paesi più vicini a Macedonia del Nord

Clicka qui per fare il quiz!

Statistiche generali

  • Questo quiz è stato fatto 43 volte
  • Il punteggio medio è 18 su 20

Statistiche sulle risposte

kmnazione% Corretto
0Bulgaria
100%
0Grecia
100%
0Albania
98%
169Romania
98%
434Ungheria
98%
204Italia
95%
79Montenegro
95%
0Serbia
95%
274Turchia
95%
183Bosnia ed
Erzegovina
93%
179Croazia
93%
0Kosovo
93%
577Slovenia
93%
635Austria
90%
575Ucraina
85%
577Moldavia
83%
648Slovacchia
80%
666Città del Vaticano
71%
695San Marino
71%
739Polonia
68%

Distribuzione punteggi

Percentile per numero di risposta

Percentuale di utenti per punteggio

I tuoi punteggi nel tempo

Non hai fatto questo quiz